From Poverty To Power; (Record no. 210955)

MARC details
000 -LEADER
fixed length control field 00609nam a22002057a 4500
005 - DATE AND TIME OF LATEST TRANSACTION
control field 20250415160223.0
010 ## - LCCN (DPL NO)
LC control number ENG-144625
020 ## - INTERNATIONAL STANDARD BOOK NUMBER
International Standard Book Number 9788195068845
Terms of availability 295.00
035 ## - SYSTEM CONTROL NUMBER
System control number EN-128157
037 ## - SOURCE OF ACQUISITION
Source of stock number/acquisition DBAD
082 ## - DEWEY DECIMAL CLASSIFICATION NUMBER
Classification number 230.42
Edition number 1
100 ## - MAIN ENTRY--PERSONAL NAME
Personal name Allen, James
245 ## - TITLE STATEMENT
Title From Poverty To Power;
Remainder of title The Realization Of Prosperity And Peace/
Statement of responsibility, etc James Allen.
260 ## - PUBLICATION, DISTRIBUTION, ETC. (IMPRINT)
Place of publication, distribution, etc Delhi
Name of publisher, distributor, etc Universal Press
Date of publication, distribution, etc 2021
270 ## - ADDRESS
Address Preet Vihar
City Delhi
Postal code 110092
Electronic mail address universalpressdel@gmail. com
300 ## - PHYSICAL DESCRIPTION
Extent 120 p.
Dimensions 22 cm.(hb)
490 ## - SERIES STATEMENT
Volume number/sequential designation
700 ## - ADDED ENTRY--PERSONAL NAME
9 (RLIN) 76691
942 ## - ADDED ENTRY ELEMENTS (KOHA)
Source of classification or shelving scheme Dewey Decimal Classification
Item type English Books
Classification part 230.42
Call number suffix ALL
Edition 1
Holdings
Withdrawn status Lost status Not for loan Collection code Home library Current library Date acquired Source of acquisition Cost, normal purchase price Full call number Barcode Copy number Cost, replacement price Koha item type
      Fiction Janak Puri Janak Puri 15/04/2025 DBAD 295.00 230.42 ALL EN-128157 1 295.00 English Books

© Delhi Public Library
Hit Counter
free hit counter